Nasarawa journal of multimedia and communication studies (Record no. 38495)
[ view plain ]
| 000 -LEADER | |
|---|---|
| fixed length control field | 00760nam a2200169Ia 4500 |
| 022 ## - INTERNATIONAL STANDARD SERIAL NUMBER | |
| ISSN | 26353091 |
| 050 ## - CALL MARK | |
| Classification number | PE 1404 .N37/ |
| 245 #0 - TITLE STATEMENT | |
| Title | Nasarawa journal of multimedia and communication studies |
| 260 ## - PUBLICATION, DISTRIBUTION, ETC. (IMPRINT) | |
| Place of publication | Keffi, Nigeria |
| 260 ## - PUBLICATION, DISTRIBUTION, ETC. (IMPRINT) | |
| Name of publisher | Vast publishers |
| 260 ## - PUBLICATION, DISTRIBUTION, ETC. (IMPRINT) | |
| Year of publication | 2018 |
| 300 ## - PHYSICAL DESCRIPTION | |
| Number of Pages | vi, 310 p. ; 25 cm. |
| 650 ## - SUBJECT ADDED ENTRY--TOPICAL TERM | |
| Topical Term | English language--Rhetoric--Computer-assisted instruction. English language--Rhetoric--Study and teaching. English language--Composition and exercises--Computer-assisted instruction. Report writing--Computer-assisted instruction. Electronic portfolios in education. Multimedia systems. Distance education--Computer-assisted instruction. |
| 942 ## - ADDED ENTRY ELEMENTS (KOHA) | |
| Koha item type | Serials |
No items available.